Memorandum and articles of association (Record no. 99788)
[ view plain ]
| 000 -LEADER | |
|---|---|
| fixed length control field | 00750cam a22001935a 4500 |
| 001 - CONTROL NUMBER | |
| control field | ##J100738 |
| 008 - FIXED-LENGTH DATA ELEMENTS--GENERAL INFORMATION | |
| fixed length control field | 000000s1911 000 0 eng u |
| 035 ## - SYSTEM CONTROL NUMBER | |
| System control number | (Sirsi) u100738 |
| 041 0# - LANGUAGE CODE | |
| Language code of text/sound track or separate title | eng |
| 050 04 - LIBRARY OF CONGRESS CALL NUMBER | |
| Classification number | 692.5023 $2 18 |
| 110 2# - MAIN ENTRY--CORPORATE NAME | |
| Corporate name or jurisdiction name as entry element | Quantity Surveyors' Association |
| 9 (RLIN) | 3787 |
| 245 00 - TITLE STATEMENT | |
| Title | Memorandum and articles of association |
| Remainder of title | amended articles |
| 260 ## - PUBLICATION, DISTRIBUTION, ETC. | |
| Place of publication, distribution, etc. | [S.l.] |
| Name of publisher, distributor, etc. | [s.n.] |
| Date of publication, distribution, etc. | 1911 |
| 300 ## - PHYSICAL DESCRIPTION | |
| Extent | 37p. |
| Dimensions | 22cm. |
| 520 ## - SUMMARY, ETC. | |
| Summary, etc. | Memoradum outlines the objectives of the association. The articles cover the admission and retirement of members, the duties and powers of the council and the proceedings of general meetings. Amendments are attached to the document. |
| 651 #4 - SUBJECT ADDED ENTRY--GEOGRAPHIC NAME | |
| Geographic name | Great Britain |
| Chronological subdivision | 1707- |
| 690 ## - LOCAL SUBJECT ADDED ENTRY--TOPICAL TERM (OCLC, RLIN) | |
| Topical term or geographic name as entry element | Quantity surveying |
| 9 (RLIN) | 6263 |
| 942 ## - ADDED ENTRY ELEMENTS (KOHA) | |
| Suppress in OPAC | 0 |
| Withdrawn status | Lost status | Source of classification or shelving scheme | Damaged status | Not for loan | Home library | Current library | Shelving location | Date acquired | Total Checkouts | Full call number | Barcode | Date last seen | Copy number | Price effective from | Koha item type |
|---|---|---|---|---|---|---|---|---|---|---|---|---|---|---|---|
| Dewey Decimal Classification | Historic collection | Historic collection | RICS Boxes | 22/10/1999 | RICS 1911/7 | 30059619 | 06/08/2019 | 1 | 06/08/2019 | Archive | |||||
| Dewey Decimal Classification | Historic collection | Historic collection | RICS Boxes | 22/10/1999 | RICS 1911/7 | 30059212 | 06/08/2019 | 2 | 06/08/2019 | Archive |